Kunststoff-Lexikon

Uložené v:
Podrobná bibliografia
Médium: Kniha
Jazyk:German
Vydavateľské údaje: München : Carl Hanser Verlag, 1992
Vydanie:8.aktual.und erweit.Aufl.
Predmet:
Tagy: Pridať tag
Žiadne tagy, Buďte prvý, kto otaguje tento záznam!

MARC

LEADER 00000nam a22000003a 4500
001 stu44444
005 20150408180417.3
008 950330s1992----gw------------------ger-d
020 |a 3-446-15176-1 
040 |a STU  |b slo 
041 0 |a ger 
044 |a gw 
080 |a 678.5 
245 |a Kunststoff-Lexikon 
250 |a 8.aktual.und erweit.Aufl. 
260 |a München :  |b Carl Hanser Verlag,  |c 1992 
300 |a 680 s 
650 7 |a plasty  |2 stusub 
996 |b 284M017735  |c M*9020-1  |l MMKN  |s A  |a 24  |w stu44444_0001